000 00323 a2200157 4500
001 186118
020 _a019-423235-2
040 _cMagnum
100 _aLindop, Christine
240 1 0 _aSally´s phone
_lING
245 1 0 _aSally´s phone
300 _a30
362 0 _a2003
697 _aLITERATURA INGLESA
942 _cBK
999 _c186118
_d186118